01639camaa22003972i 450000100090000000300090000900500170001800800410003501000170007602000240009302000210011703500210013804001110015908200150027008200220028510000310030724500830033826400390042130000460046033600260050633700280053233800270056049000160058750000200060350400340062352001910065754100760084865000210092465000180094565000630096365000260102670000290105270000250108170000280110685601070113415928065EG-GICUC20260514115854.0090930s2010 njua jr 001 0 eng  a 2009938254 a9780470484708qpbk. a0470484705qpbk. a(OCoLC)310400049 aUKMcUKMdBTCTAdYDXCPdORXdLD4dBWXdABGdC#PdVP@dITDdDEBBGdLIVdUKMGBdBDXdDLCdEG-GICUCbengerda04a006.7822104a004.678221bH9491 aHurwitz, Hurwitz.eAuthor.00aCloud computing for dummies /cby Judith Hurwitz, Robin Bloor, Marcia Kaufman. aHoboken, NJ :bWiley Pub.,cc2010. axxii, 310 pages :billustration ;c24 cm. atextbtxt2rdacontent aunmediatedbn2rdamedia avolumebnc2rdacarrier0 aFor dummies aIncludes index. aBibliography: pages 291-310.  aA guide to managing and securing cloud services covers such topics as developing a cloud strategy, managing data, using software as a service, setting standards, and governing the cloud. aوزارة الثقافة ؛bالقاهرة ؛cإهداء ؛d2023. 0aCloud computing. 0aWeb services. 0aElectronic data processingxDistributed processing.2qrmak07aCloud Computing.2swd1 aJudith Hurwitz.eAuthor.1 aRobin BlooreAuthor.1 aMarcia KaufmaneAuthor.42qtext/htmluhttp://deposit.d-nb.de/cgi-bin/dokserv?id=3294365&prov=M&dok_var=1&dok_ext=htm3Inhaltstext